000
00273nam a22001217a 4500
008
170711b xxu||||| |||| 00| 0 eng d
041
_a
eng
080
_a
05
100
_a
23
101
_a
ENC
245
_a
YEARBOOK OF SCIENCE AND THE FUTURE
_c
CALHOUN, D
942
_2
udc
_c
BK
999
_c
20218
_d
20218